Concise encyclopaedia of Library Information technology / (Record no. 63270)

MARC details
000 -LEADER
fixed length control field 00442nam a22001457a 4500
005 - DATE AND TIME OF LATEST TRANSACTION
control field 20180821130543.0
020 ## - INTERNATIONAL STANDARD BOOK NUMBER
International Standard Book Number 8170003040
Terms of availability 1000.00
035 ## - SYSTEM CONTROL NUMBER
System control number B-31439, B-031441
037 ## - SOURCE OF ACQUISITION
Stock number DPL
Source of stock number/acquisition ENG
100 ## - MAIN ENTRY--PERSONAL NAME
Personal name Garkoti, G. K.
245 ## - TITLE STATEMENT
Title Concise encyclopaedia of Library Information technology /
Statement of responsibility, etc by G K Garkoti
260 ## - PUBLICATION, DISTRIBUTION, ETC. (IMPRINT)
Place of publication, distribution, etc New Delhi
Name of publisher, distributor, etc Ess Ess Publications
Date of publication, distribution, etc 2001
300 ## - PHYSICAL DESCRIPTION
Extent 504p.
Dimensions 18 cms.
942 ## - ADDED ENTRY ELEMENTS (KOHA)
Source of classification or shelving scheme Dewey Decimal Classification
Item type English Books
Classification part 020.3
Call number suffix GAR
Holdings
Withdrawn status Lost status Not for loan Collection code Home library Current library Date acquired Cost, normal purchase price Full call number Barcode Cost, replacement price Koha item type Source of acquisition
      Non-fiction Sarojini Nagar Sarojini Nagar 21/02/2012 1000.00 020.3 GAR B-31439 1000.00 English Books  
      Non-fiction Shahdara Branch Shahdara Branch 21/08/2018 1000.00 020.3 GAR B-031441 1000.00 English Books BPPD/PUB

© Delhi Public Library
Hit Counter
free hit counter